000 00778nam a22001577a 4500
003 OSt
005 20150918183348.0
008 150918b xxu||||| |||| 00| 0 eng d
040 _cRUA
082 _aAGR HOK 2006 BO33 Or.1
100 _9816
_aKOH, LYDA
245 _aComponents of major types of weeds in lowland paddy field in preyveng,kompong chham, kompong thom and siem reap province,(សមាសភាពនៃរុក្ខជាតិចង្រៃសំខាន់ៗលើដំណាំស្រួវតំបន់់ វាលទំនាប ក្នុងខេត្តព្រៃវែង កំពង់ចាម កំពង់ធំ និងសៀមរាប).
260 _aphnom phen
_bRUA
_c2006
300 _aXIV,42p.
_bill.
_c29cm.
942 _2ddc
_cAGR
999 _c788
_d788